Statistics for Riders of famous horses

Click here to take the quiz!

General Stats

  • This quiz has been taken 23 times
  • The average score is 6 of 20

Answer Stats

HintAnswer% Correct
BucephalusAlexander
68%
ShadowfaxGandalf
64%
SilverThe Lone Ranger
59%
White horse of the ApocalypsePestilence
45%
SleipnirOdin
45%
Pale horse of the ApocalypseDeath
45%
Black horse of the ApocalypseFamine
41%
CopenhaguenDuke of Wellington
41%
MarengoNapoleon Bonaparte
36%
Red horse of the ApocalypseWar
32%
RocinanteDon Quixote
27%
PegasusBellerophon
18%
BabiecaCid
18%
IncitatusCaligula
14%
TravellerRobert E. Lee
14%
Jolly JumperLucky Luke
9%
Red HareLü Bu
0%
TencendurCharlemagne
0%
UchchaihshravasIndra
0%
VeillantifRolland
0%

Score Distribution

Percentile by Number Answered

Percent of People with Each Score

Your Score History

You have not taken this quiz